Alle UEFA Intertoto Cup-Meister - Statistiken

Allgemein
  • Dieses Quiz wurde 19 mal gespielt
  • Das Durchschnittsergebnis liegt bei 7 aus 31
Antwortstatistiken
Fußballverein Mal % Korrekt
Schalke 04
74%
Hamburger SV
68%
VfB Stuttgart
68%
Werder Bremen
68%
Olympique Lyonnais
47%
Karlsruher SC 1
37%
Olympique Marseille
37%
Valencia
37%
Paris Saint-Germain
32%
AJ Auxerre
26%
Bordeaux
26%
West Ham United
26%
Aston Villa
21%
Juventus
21%
Braga
16%
Celta Vigo
16%
Newcastle United
16%
Udinese
11%
En Avant Guingamp
5%
Fulham
5%
Lille OSC
5%
Málaga
5%
Montpellier
5%
SC Bastia
5%
Silkeborg
5%
Villarreal 2
5%
Bologna
0%
Lans
0%
Perugia
0%
Strasbourg
0%
Troyes
0%
Keine übereinstimmenden Quizze gefunden
Verteilung der Resultate
Anzahl Personen mit jedem Resultat
Perzentil nach korrekt beantworteten Fragen
Ihre Resultats-Entwicklung
Sie haben dieses Quiz noch nicht gespielt